[Event "Open"]
[Site "Kaikoura NZL"]
[Date "2008.11.10"]
[Round "5"]
[White "Johnson,Q"]
[Black "Fraemohs,P"]
[Result "0-1"]
[WhiteElo "2150"]
[BlackElo "1955"]

1.d4 d5 2.c4 Nc6 3.Nc3 dxc4 4.Nf3 Bg4 5.d5 Bxf3 6.gxf3 Ne5 7.f4 Nd7 8.Qa4 Nf6
9.Bg2 g6 10.O-O Bg7 11.e4 O-O 12.Qxc4 Nb6 13.Qe2 e6 14.Rd1 Qe7 15.dxe6 fxe6
16.e5 Nh5 17.Bxb7 Rab8 18.Qe4 Bh6 19.Ne2 Rxb7 20.Qxb7 Bxf4 21.Bxf4 Nxf4 22.Nxf4 Rxf4
23.Rd3 Qg5+ 24.Rg3 Qxe5 25.Rd1 Nd5 26.Qxa7 Qxb2 27.Re1 Rf7 28.Rb3 Qd2 29.Rf1 Nf4
30.Qa8+ Kg7 31.a4 Ne2+ 32.Kh1 Nd4 33.Rg3 Qe2 34.Kg2 c6 35.a5 Qe4+ 36.f3 Qc2+
37.Rf2 Qc5 38.Ra2 Qd5 39.Rf2 e5 40.a6 Nb5 41.Rc2 Nd4 42.Rf2 Nf5 43.a7 Ne3+
44.Kh3 e4 45.Rg4 Nxg4 46.fxg4 Rxf2 47.Qb7+ Kh6 48.Qb8 Rf3+  0-1

[Event "Open"]
[Site "Kaikoura NZL"]
[Date "2008.11.11"]
[Round "7"]
[White "Thornton,G"]
[Black "Fraemohs,P"]
[Result "1-0"]
[WhiteElo "2140"]
[BlackElo "1955"]

1.d4 d5 2.c4 Nc6 3.Nf3 Bg4 4.e3 e6 5.Nc3 Nf6 6.Qb3 Na5 7.Qa4+ c6 8.cxd5 exd5
9.Ne5 Bd7 10.b4 Nc4 11.Nxd7 Qxd7 12.Bxc4 dxc4 13.Rb1 b5 14.Qd1 Nd5 15.Nxd5 cxd5
16.O-O Be7 17.Re1 O-O 18.Bd2 f5 19.Bc3 Rf6 20.Rb2 Rh6 21.f3 Bd6 22.g3 Rb8
23.Rbe2 a5 24.a3 axb4 25.axb4 Re6 26.Qc2 g6 27.e4 fxe4 28.fxe4 dxe4 29.Rxe4 Rxe4
30.Qxe4 Rd8 31.Ra1 Bf8 32.Ra8 Qd5 33.Qxd5+ Rxd5 34.Kf2 Kf7 35.Ke3 Be7 36.Ke4 Rh5
37.Ra2 Bf6 38.Ra7+ Ke8 39.h4 Be7 40.Rb7 Rf5 41.d5 Rf1 42.Rxb5 Rg1 43.Be5 Re1+
44.Kf4 Rf1+ 45.Kg4 Re1 46.d6 Bd8 47.Bf4 Rd1 48.Rc5 Rd4 49.b5 Ba5 50.Re5+ Kd8
51.Rc5 Kd7 52.Kg5 Bb6 53.Rc6 Rd5+ 54.Kh6 Rh5+ 55.Kg7 Bd4+ 56.Kg8 Rc5 57.Kxh7 Rxc6
58.bxc6+ Kxc6 59.Kxg6 c3 60.Kf7 Kd7 61.g4 c2 62.g5 Be5 63.Bc1 Kxd6 64.h5 Kd5
65.h6  1-0

[Event "38th Olympiad w"]
[Site "Dresden GER"]
[Date "2008.11.20"]
[Round "7"]
[White "De Blecourt,S"]
[Black "Amura,C"]
[Result "0-1"]
[WhiteElo "2078"]
[BlackElo "2344"]

1.d4 d5 2.c4 Nc6 3.Nc3 Nf6 4.Nf3 Bf5 5.cxd5 Nxd5 6.Qb3 e6 7.e4 Nxc3 8.exf5 Nd5
9.fxe6 Bb4+ 10.Bd2 Bxd2+ 11.Nxd2 fxe6 12.Bb5 O-O 13.Bxc6 bxc6 14.O-O Rb8
15.Qc2 Nf4 16.Nf3 Qd5 17.Ne1 Rb4 18.b3 Rxd4 19.Rc1 Rd2 20.Qxc6 Ne2+ 21.Kh1 Nxc1
22.Qxc1 Rdxf2  0-1

[Event "1st Copa PDV Sur"]
[Site "Buenos Aires ARG"]
[Date "2008.12.01"]
[Round "2"]
[White "Liascovich,L"]
[Black "Ruperez,M"]
[Result "1-0"]
[WhiteElo "2430"]
[BlackElo "2138"]

1.d4 d5 2.c4 Nc6 3.Nc3 e5 4.cxd5 Nxd4 5.e3 Nf5 6.Nf3 Bd6 7.e4 Nfe7 8.Bb5+ Bd7
9.Qb3 b6 10.O-O a6 11.Bxd7+ Qxd7 12.Nd2 Nf6 13.Nc4 Ng6 14.Bg5 Nh5 15.Nxd6+ Qxd6
16.Rac1 h6 17.Bd2 c5 18.Qa4+ Qd7 19.Qxd7+ Kxd7 20.Na4 Rab8 21.g3 Nf6 22.f3 Rhc8
23.b4 Kd6 24.Nxb6 Rxb6 25.bxc5+ Rxc5 26.Rxc5 Rb2 27.Be3 Rxa2 28.Rc6+ Kd7
29.Rb1  1-0

[Event "Mediterranean Open"]
[Site "Rijeka CRO"]
[Date "2008.12.02"]
[Round "5"]
[White "Bitalzadeh,A"]
[Black "Juranic,B"]
[Result "1-0"]
[WhiteElo "2370"]
[BlackElo "2174"]

1.d4 d5 2.c4 Nc6 3.Nc3 e5 4.cxd5 Nxd4 5.e3 Nf5 6.Nf3 Bd6 7.Bb5+ Bd7 8.O-O Nfe7
9.e4 Ng6 10.Qb3 b6 11.Bc6 Bxc6 12.dxc6 N8e7 13.Bg5 Qc8 14.Bxe7 Nxe7 15.Rac1 a6
16.Rfd1 O-O 17.Nd5 Nxd5 18.Rxd5 Qe6 19.Rc3 Kh8 20.Ng5 Qg4 21.Rg3 Qf4 22.h4 Qxh4
23.Rxd6 cxd6 24.Nxf7+ Rxf7 25.Qxf7 Qh6 26.Rc3 Qf4 27.Qe6 Rf8 28.Rf3 Qc1+
29.Kh2 Rd8 30.Qxd6 Qh6+ 31.Qxh6 gxh6 32.c7 Rc8 33.Rf7 Kg8 34.Rd7  1-0

[Event "FSGM December"]
[Site "Budapest HUN"]
[Date "2008.12.07"]
[Round "2"]
[White "Nguyen Huynh Minh Huy"]
[Black "Gara,A"]
[Result "1-0"]
[WhiteElo "2452"]
[BlackElo "2312"]

1.d4 d5 2.c4 Nc6 3.Nf3 Bg4 4.Nc3 e6 5.cxd5 exd5 6.Bf4 Bd6 7.Bg3 Bxf3 8.gxf3 Nge7
9.e3 Qd7 10.Bb5 O-O 11.Rc1 f5 12.Bxd6 Qxd6 13.Bxc6 Nxc6 14.f4 Rae8 15.O-O Nd8
16.Kh1 c6 17.Nb1 Rf6 18.Nd2 Qe7 19.Rg1 Nf7 20.Rg2 Nh6 21.h3 Nf7 22.Nf3 Rh6
23.Kh2 Nd6 24.Qe2 Qf6 25.Rgg1 Ne4 26.Qf1 Qe7 27.Rc2 Nf6 28.Ne5 Nd7 29.f3 Nxe5
30.fxe5 Qh4 31.f4 Ree6 32.Qf3 Rhg6 33.Rcg2 Rxg2+ 34.Rxg2 Kf7 35.Rg5 g6 36.Rg2 Qe1
37.Qf2 Qxf2 38.Rxf2 Re7 39.Rc2 Ke6 40.Kg3 Kd7 41.h4 h5 42.Kf3 Re8 43.Ke2 Rf8
44.Kd3 Re8 45.Kc3 Rc8 46.b4 b6 47.Kb3 Rc7 48.Rg2 c5 49.dxc5 bxc5 50.Rxg6 c4+
51.Kc3 Ke8 52.Rg5  1-0

[Event "TCh-SLO"]
[Site "Murska Sobota SLO"]
[Date "2008.12.10"]
[Round "5"]
[White "Gyimesi,Z"]
[Black "Miladinovic,I"]
[Result "0-1"]
[WhiteElo "2592"]
[BlackElo "2572"]

1.d4 d5 2.c4 Nc6 3.Nc3 e6 4.Nf3 Nf6 5.Bg5 Be7 6.e3 O-O 7.Rc1 h6 8.Bh4 a6
9.cxd5 Nxd5 10.Bg3 Bd6 11.Bd3 Re8 12.O-O Bxg3 13.hxg3 Nxc3 14.Rxc3 Qd6 15.a3 e5
16.Nxe5 Nxe5 17.dxe5 Qxe5 18.Bb1 c6 19.Qc2 g6 20.f4 Qf6 21.e4 Bg4 22.Qb3 Qd4+
23.Kh2 Rad8 24.Qxb7 Be2 25.Rfc1 Bb5 26.a4 Rd7 27.Qxd7 Qxd7 28.axb5 cxb5 29.Rc7 Qe6
30.R1c6 Qg4 31.Rc5 Qd7 32.Rc1 Qe6 33.R1c6 Qg4 34.Rc5 g5 35.Ba2 gxf4 36.Rc3 Rxe4
37.gxf4 Qh4+ 38.Rh3 Qxf4+ 39.Rg3+ Kf8 40.Rxf7+ Qxf7 41.Bxf7 Rh4+ 42.Kg1 Kxf7
43.Rf3+ Kg6 44.Rd3 Rf4 45.Rd7 Rf6 46.Rd5 Kf7 47.Re5 Rc6 48.Rh5 Ke7 49.Kf2 Re6
50.Rd5 Rd6 51.Rh5 Kd7 52.Ke3 Kc6 53.Ke4 Kb6 54.Ke5 Rc6 55.Rh4 Ka5 56.Kd5 Rc2
57.b4+ Ka4 58.Rxh6 Rxg2 59.Rxa6+ Kxb4 60.Ra1 Kc3 61.Ra3+ Kb2 62.Rh3 Rc2  0-1

[Event "1st Copa PDV Sur"]
[Site "Buenos Aires ARG"]
[Date "2008.12.11"]
[Round "9"]
[White "Liascovich,L"]
[Black "Perez Pietronave,C"]
[Result "1/2-1/2"]
[WhiteElo "2430"]
[BlackElo "2188"]

1.d4 d5 2.c4 Nc6 3.Nc3 e5 4.cxd5 Nxd4 5.e3 Nf5 6.Nf3 Bd6 7.e4 Nh4 8.Bb5+ Kf8
9.Nxh4 Qxh4 10.O-O Nf6 11.f3 a6 12.Bd3 Bc5+ 13.Kh1 h5 14.Qe2 Nd7 15.Be3 Bxe3
16.Qxe3 Qf4 17.Qf2 h4 18.Rfd1 Rh6 19.Rac1 c6 20.b4 g5 21.Ne2 Qf6 22.Qe3 Kg7
23.h3  1/2-1/2

[Event "III Open"]
[Site "Palma de Mallorca ESP"]
[Date "2008.12.11"]
[Round "6"]
[White "Dimitrijeski,B"]
[Black "Karim,I"]
[Result "0-1"]
[WhiteElo "2217"]
[BlackElo "2392"]

1.d4 d5 2.c4 Nc6 3.Nc3 e5 4.cxd5 Nxd4 5.e3 Nf5 6.Bb5+ Bd7 7.Qb3 Rb8 8.Nge2 Bd6
9.Bxd7+ Qxd7 10.O-O Nf6 11.e4 Ne7 12.Qc4 a6 13.a4 O-O 14.Be3 Ng4 15.Bc5 Ng6
16.h3 Nf6 17.b4 Nh5 18.b5 Qe7 19.Bxd6 cxd6 20.bxa6 Rbc8 21.Qb3 bxa6 22.g3 Qd7
23.Kh2 f5 24.exf5 Qxf5 25.Qb1 Qf3 26.Ra3 Rc4 27.Qe1 Nf6 28.Qd2 Nh4 29.gxh4 Rxh4
30.Ng3 Ng4+ 31.Kg1 Rxh3 32.Nb5 Rxg3+  0-1

[Event "TCh-ISR 2008-9"]
[Site "Israel ISR"]
[Date "2008.12.12"]
[Round "1"]
[White "Mittelman,G"]
[Black "Porat,Dav"]
[Result "1-0"]
[WhiteElo "2418"]
[BlackElo "2196"]

1.d4 d5 2.c4 Nc6 3.Nf3 Bg4 4.Nc3 e6 5.cxd5 exd5 6.Bf4 Nf6 7.e3 Be7 8.Be2 O-O
9.O-O Nh5 10.Be5 Be6 11.Ne1 Nf6 12.Bg3 Ne4 13.Rc1 Bb4 14.Nxe4 dxe4 15.Nc2 Be7
16.Na3 a6 17.Nb1 Bb4 18.a3 Ba5 19.Nc3 Bf5 20.Na4 Qe7 21.Qc2 Bb6 22.d5 Ne5
23.Nxb6 cxb6 24.Qc7 Qxc7 25.Rxc7 Nd7 26.Rxb7 Rfc8 27.Rc7 Rxc7 28.Bxc7 Rc8
29.d6 b5 30.f3 g6 31.a4 bxa4 32.Bxa6 Ra8 33.Bc4 exf3 34.Bd5 f2+ 35.Kxf2 Ra7
36.Ra1 Ne5 37.Ra3 Kf8 38.e4 Bd7 39.Rc3 f6 40.h3 Ke8 41.Bb6 Ra6 42.Bc5 Ra5
43.Ba3 f5 44.Ke3 Nf7 45.Rc7 Nd8 46.g4 fxg4 47.hxg4 h5 48.gxh5 gxh5 49.Rc5 Ra6
50.Bc4 Ra8 51.Rxh5 Be6 52.Bxe6 Nxe6 53.Rh8+ Nf8 54.d7+ Kxd7 55.Rxf8 Ra5 56.Kd4 Ra6
57.Rf7+ Ke6 58.Rh7 Ra5 59.Rh6+ Kd7 60.e5 Rb5 61.e6+ Kd8 62.Rh8+ Kc7 63.e7  1-0

[Event "TCh-NED 2008-9"]
[Site "Netherlands NED"]
[Date "2008.12.13"]
[Round "4"]
[White "L'Ami,E"]
[Black "Henzen,A"]
[Result "1-0"]
[WhiteElo "2610"]
[BlackElo "2203"]

1.d4 d5 2.c4 Nc6 3.Nf3 Bg4 4.Nc3 e6 5.cxd5 exd5 6.Bf4 Bxf3 7.gxf3 Bd6 8.Bg3 Nge7
9.e3 O-O 10.Bg2 Re8 11.f4 Bb4 12.O-O Bxc3 13.bxc3 Na5 14.Re1 Qd7 15.e4 dxe4
16.Rxe4 Nc4 17.Qd3 Nd6 18.Re2 Nef5 19.Rxe8+ Rxe8 20.c4 c6 21.Rd1 g6 22.Bh3 Qe6
23.c5 Nb5 24.d5 Qxd5 25.Qxd5 cxd5 26.Bxf5 gxf5 27.Rxd5 Re1+ 28.Kg2 Ra1 29.Bh4 Kg7
30.Rxf5 Rxa2 31.Rg5+ Kh6 32.Rg8 Nd4 33.Bg5+ Kh5 34.Bf6 Ne6 35.Kg3 Ra3+ 36.f3 Nxc5
37.Rg5+  1-0

[Event "TCh-SLO"]
[Site "Murska Sobota SLO"]
[Date "2008.12.14"]
[Round "9"]
[White "Kozul,Z"]
[Black "Miladinovic,I"]
[Result "0-1"]
[WhiteElo "2593"]
[BlackElo "2572"]

1.d4 d5 2.c4 Nc6 3.Nf3 Bg4 4.Nc3 e6 5.cxd5 exd5 6.Bf4 Bd6 7.Bxd6 Qxd6 8.e3 Nf6
9.Be2 a6 10.a3 O-O 11.Rc1 Rfe8 12.O-O Bxf3 13.Bxf3 Nd8 14.Qc2 c6 15.Rfd1 Ne6
16.Qf5 Qd8 17.h4 g6 18.Qh3 h5 19.Qg3 Ng7 20.Qf4 Ne6 21.Qg3 Ng7 22.Na4 Ne4
23.Qf4 Ne6 24.Qh2 Ng7 25.Nc5 Nxc5 26.Rxc5 Nf5 27.g3 Qf6 28.Be2 Re6 29.Qg2 Rae8
30.Rc3 Kg7 31.b4 Re4 32.Bf3 Rxh4 33.Rdc1 Rg4 34.Bxg4 hxg4 35.a4 Nd6 36.R3c2 Ne4
37.Kf1 Ng5 38.b5 axb5 39.axb5 Nf3 40.bxc6 bxc6 41.Rxc6 Qf5 42.R6c3 Qe4 43.Rd1 Rh8  0-1

[Event "III Open"]
[Site "Palma de Mallorca ESP"]
[Date "2008.12.14"]
[Round "9"]
[White "Rowson,J"]
[Black "Gonzales,Jay"]
[Result "1-0"]
[WhiteElo "2596"]
[BlackElo "2469"]

1.d4 d5 2.c4 Nc6 3.Nf3 Bg4 4.Nc3 e6 5.Bg5 Qd7 6.e3 f6 7.cxd5 exd5 8.Bf4 Bb4
9.Rc1 Nge7 10.a3 Bd6 11.Bxd6 Qxd6 12.Be2 O-O 13.O-O Kh8 14.Na4 Nd8 15.Nc5 c6
16.b4 b6 17.Nd3 Ne6 18.Re1 Rac8 19.Qb3 Bf5 20.Rc3 Rc7 21.Rec1 g5 22.a4 Rfc8
23.Qb2 Kg7 24.Nde1 Bg6 25.Ba6 Rb8 26.Bd3 Rbc8 27.Nd2 Qd8 28.Nf1 c5 29.dxc5 bxc5
30.Rd1 d4 31.exd4 cxd4 32.Rxc7 Qxc7 33.Ng3 Bxd3 34.Nxd3 Qc2 35.Qa1 Rc3 36.Ne1 Qb3
37.Ne4 Rc7 38.Nd3 Nc6 39.Nd6 Kf8 40.b5 Ne5 41.Nxe5 fxe5 42.Re1 Ke7 43.Ne4 h6
44.Nd2 Qd3 45.Nf3 e4 46.Ne5 Qc3 47.Nc6+ Kd6 48.Qd1 Rxc6 49.bxc6 Qxc6 50.Qb1 d3
51.Qb4+ Ke5 52.Qb8+ Kf5 53.Qxa7 d2 54.Qa5+ Nc5 55.Qxd2 Nd3 56.Ra1 Nf4 57.Qa5+ Kg4
58.Qb5 Qc3 59.Qd7+ Kh5 60.Rd1 Qc2 61.Re1  1-0

[Event "Czech Christmas"]
[Site "Litomysl CZE"]
[Date "2008.12.26"]
[Round "1"]
[White "Zakharchenko,A"]
[Black "Prachar,J"]
[Result "0-1"]
[WhiteElo "2288"]
[BlackElo "1905"]

1.d4 d5 2.c4 Nc6 3.Nc3 dxc4 4.d5 Ne5 5.Bf4 Ng6 6.Bg3 e5 7.e4 a6 8.Bxc4 Bd6
9.Nf3 Nf6 10.O-O O-O 11.a4 Bg4 12.Be2 Nh5 13.Nd2 Bxe2 14.Nxe2 f5 15.exf5 Rxf5
16.Ne4 Nhf4 17.N2c3 h5 18.Qc2 Qd7 19.h3 Raf8 20.Rad1 h4 21.Bh2 Qf7 22.Kh1 Ne7
23.Qb3 Qg6 24.Bxf4 Rxf4 25.f3 Nf5 26.Ne2 Ng3+ 27.N2xg3 hxg3 28.Qxb7 Qxe4
29.Qxa6 Rxf3 30.Rxf3 Rxf3 31.Qc8+ Kh7 32.Qe8 Qf5 33.Qb5 Rf2 34.Rg1 Qxh3+  0-1

[Event "Open"]
[Site "Pamplona ESP"]
[Date "2008.12.26"]
[Round "6"]
[White "Lakunza Oyarbide,J"]
[Black "Aguinaga Ruiz,J"]
[Result "1-0"]
[WhiteElo "2122"]
[BlackElo "1997"]

1.d4 d5 2.c4 Nc6 3.cxd5 Qxd5 4.Nf3 e5 5.dxe5 Qxd1+ 6.Kxd1 Bg4 7.Nc3 Nge7
8.h3 Bxf3 9.gxf3 Nxe5 10.f4 N5c6 11.e3 Nf5 12.Bc4 Nd6 13.Bd3 Nb4 14.Bb1 O-O-O
15.Ke2 g6 16.a3 Na6 17.Ba2 Bg7 18.Bd2 Rhe8 19.Rhd1 Nc5 20.Be1 Ne6 21.Kd3 Re7
22.Kc2 Red7 23.Rd5 c6 24.Rd2 Nf5 25.Rxd7 Kxd7 26.Rd1+ Ke7 27.Rxd8 Kxd8 28.Ne4 Kc7
29.Bxe6 fxe6 30.Ng5 e5 31.Ne6+ Kd7 32.Nxg7 Nxg7 33.Bc3 Ke6 34.Bxe5 Nf5 35.Kd3 Nh4
36.Ke4 Nf5 37.Bb8 a6 38.Bc7 Ne7 39.Kd4 Nc8 40.Kc5 Kd7 41.Ba5 Ke6 42.Kd4 Kf5
43.Bc7 Ke6 44.a4 Kd7 45.Bb8 Ke6 46.a5 Ne7 47.e4 Nc8 48.Kc5 Kf6 49.Bd6 Kf7
50.Be5 Ke6 51.b3 Kf7 52.f5 gxf5 53.exf5 Ke7 54.Kd4 Kf7 55.f6 Kg6 56.Kc5 Kf7
57.Kd4 Kg6 58.Ke4 Kf7 59.Kf5 Na7 60.Kg5 c5 61.Kf5 Nc6 62.Bc3 Na7 63.Ke5 Nb5
64.Bb2 Na7 65.Kd6 Nc6 66.Bc3 Nd4 67.Kxc5 Nxb3+ 68.Kb6 Ke6 69.Kxb7 Nxa5+ 70.Bxa5 Kxf6
71.Kxa6 Kg5 72.Bd8+ Kf4 73.Bc7+ Kf3 74.Bg3  1-0

[Event "Christmas Master Open"]
[Site "Zurich SUI"]
[Date "2008.12.26"]
[Round "1"]
[White "Bous,F"]
[Black "Gasthofer,A"]
[Result "0-1"]
[WhiteElo "2113"]
[BlackElo "2452"]

1.d4 d5 2.c4 Nc6 3.Nf3 Bg4 4.e3 e5 5.dxe5 dxc4 6.Be2 Qxd1+ 7.Bxd1 O-O-O 8.Nbd2 Bb4
9.O-O Bxd2 10.Nxd2 Bxd1 11.Rxd1 Nxe5 12.f4 Nc6 13.Rf1 Nf6 14.Nxc4 Rhe8 15.b3 b5
16.Ne5 Nxe5 17.fxe5 Rxe5 18.Bb2 Re6 19.Bd4 a6 20.a4 Rd5 21.Rac1 Kb7 22.Rc2 h5
23.h3 Rg5 24.Rf4 Rd6 25.Kh2 Re6 26.Kg1 Kc8 27.Kh2 Kd7 28.e4 c5 29.Bxc5 Rxe4
30.Rf3 bxa4 31.b4 Ke6 32.Bf8 Kd7 33.Bc5 Ke8 34.Ra3 Nd7 35.Bd6 Nb6 36.Rc5 Rxc5
37.Bxc5 Nd7 38.Bd6 Rd4 39.Re3+ Kd8 40.Be7+ Kc7 41.Rf3 f6 42.Rg3 g5 43.Re3 Kc6
44.Rc3+ Kb5 45.Re3 Rd5 46.Rf3 Re5 47.Bd6 Re6 48.Rd3 Kc4 49.Rd1 a3 50.Rc1+ Kb3
51.Rc6 a2  0-1

[Event "1st Asian Clubs"]
[Site "Al Ain UAE"]
[Date "2008.12.31"]
[Round "7"]
[White "Mohammad,Sam"]
[Black "Eid,Fa"]
[Result "1-0"]
[WhiteElo "2391"]
[BlackElo "2390"]

1.d4 d5 2.c4 Nc6 3.cxd5 Qxd5 4.e3 e5 5.Nc3 Bb4 6.Bd2 Bxc3 7.bxc3 Nf6 8.f3 O-O
9.e4 Qd6 10.d5 Ne7 11.c4 Nd7 12.Ne2 Nc5 13.Nc3 a6 14.Be2 f5 15.O-O f4 16.Na4 b6
17.Bb4 Bd7 18.Nb2 a5 19.Ba3 Rf6 20.Rf2 Rh6 21.h3 Rf8 22.Kf1 Rff6 23.Ke1 Rfg6
24.Bf1 Rg3 25.Nd3 Nxd3+ 26.Qxd3 c5 27.Rb1 g5 28.Bb2 g4 29.hxg4 Rh1 30.Qc3 Ng6
31.Ba1 Qf6 32.Qb2 Qh4 33.Ke2 Bxg4 34.Qxb6 Bxf3+ 35.gxf3 Rh2 36.Qe6+  1-0

[Event "Masters"]
[Site "Hastings ENG"]
[Date "2008.12.31"]
[Round "4"]
[White "Young,C"]
[Black "Macrae,J"]
[Result "1-0"]
[WhiteElo "2072"]
[BlackElo "1778"]

1.d4 d5 2.c4 Nc6 3.e3 e5 4.dxe5 d4 5.Nf3 Bb4+ 6.Bd2 dxe3 7.fxe3 Bxd2+ 8.Nbxd2 Bg4
9.Be2 Qd7 10.O-O O-O-O 11.Qb3 Nh6 12.Rad1 Qe7 13.Qc3 Nxe5 14.h3 Nxf3+ 15.Nxf3 Bxf3
16.Bxf3 f6 17.Rd5 Nf7 18.Rfd1 Ne5 19.Be4 Rxd5 20.cxd5 Qd6 21.Rd4 g6 22.b4 Rd8
23.a4 Kd7 24.Bc2 Ke7 25.Rh4 Rh8 26.Qd4 b6 27.Qc3 Kf7 28.Rd4 Ke7 29.Qe1  1-0

[Event "Hilton Schachfestival"]
[Site "Basel SUI"]
[Date "2009.01.03"]
[Round "5"]
[White "Loetscher,R"]
[Black "Pfau,Mi"]
[Result "1-0"]
[WhiteElo "2362"]
[BlackElo "1967"]

1.d4 d5 2.c4 Nc6 3.cxd5 Qxd5 4.e3 e5 5.Nc3 Bb4 6.Bd2 Bxc3 7.Bxc3 e4 8.Ne2 Nf6
9.Nf4 Qd8 10.d5 Nb8 11.Qa4+ Bd7 12.Qb4 Bf5 13.Qxb7 Nbd7 14.Bc4 O-O 15.O-O Ng4
16.Be2 Nge5 17.Rfd1 a5 18.Rac1 Nc5 19.Qb5 Ncd7 20.Qa4 Qg5 21.Bxe5 Nxe5 22.Rxc7 Nf3+
23.Kh1 Ne5 24.d6 Rad8 25.Qxa5 Bg4 26.Rd5 f6 27.Qe1 Bf5 28.Re7 Qh6 29.Ne6 Bxe6
30.Rxe6 Qg6 31.Rdxe5  1-0

[Event "Australian Open"]
[Site "Manly Sydney AUS"]
[Date "2009.01.03"]
[Round "2"]
[White "Svendsen,Pet"]
[Black "Lyell,M"]
[Result "1-0"]
[WhiteElo "2007"]
[BlackElo "2287"]

1.d4 d5 2.c4 Nc6 3.Nc3 dxc4 4.d5 Ne5 5.Qd4 Ng6 6.e4 e5 7.Qxc4 a6 8.Nf3 Nf6
9.g3 Bd6 10.Be2 O-O 11.h3 Bd7 12.Be3 b5 13.Qd3 b4 14.Nb1 c6 15.dxc6 Bxc6
16.Nbd2 Bb5 17.Qb3 Bxe2 18.Kxe2 Rc8 19.Qa4 Bc5 20.Rac1 Bxe3 21.Kxe3 Qb6+
22.Ke2 Qb7 23.Ke3 Nd7 24.Qa5 f5 25.Ng5 fxe4 26.Ndxe4 Ne7 27.Rhd1 Nf5+ 28.Ke2 Nd4+
29.Rxd4 exd4 30.Nd6 Rce8+ 31.Nxe8 Rxe8+ 32.Kd2 Qg2 33.Qf5 Nf6 34.Rc8 Kf8
35.Rxe8+ Kxe8 36.Qe6+ Kd8 37.Nf7+ Kc7 38.Qd6+ Kb7 39.Qxb4+ Kc6 40.Qxd4 Ne4+
41.Ke1 Qg1+ 42.Ke2 Nxg3+ 43.Kf3  1-0

[Event "Masters"]
[Site "Hastings ENG"]
[Date "2009.01.05"]
[Round "9"]
[White "Lunn,M"]
[Black "Pickersgill,A"]
[Result "1/2-1/2"]
[WhiteElo "1874"]
[BlackElo "2043"]

1.d4 d5 2.c4 Nc6 3.cxd5 Qxd5 4.e3 e5 5.Nc3 Bb4 6.Bd2 Bxc3 7.bxc3 Qd6 8.Bd3 Nge7
9.Ne2 f5 10.f3 O-O 11.O-O Be6 12.Qa4 Kh8 13.e4 Bd7 14.d5 Nd4 15.Qd1 Nxe2+
16.Qxe2 f4 17.c4  1/2-1/2

[Event "Australian Open"]
[Site "Manly Sydney AUS"]
[Date "2009.01.05"]
[Round "6"]
[White "Rachmadi,H"]
[Black "Lyell,M"]
[Result "0-1"]
[WhiteElo "1840"]
[BlackElo "2287"]

1.d4 d5 2.c4 Nc6 3.e3 e5 4.cxd5 Qxd5 5.Nc3 Bb4 6.Bd2 Bxc3 7.bxc3 Nf6 8.c4 Qd6
9.d5 Ne7 10.Qb3 O-O 11.Nf3 a5 12.Be2 Ne4 13.Bc1 a4 14.Qc2 Bf5 15.Bd3 Qb4+
16.Kf1 Nd6 17.e4 Bxe4 18.Bxe4 f5 19.Nxe5 fxe4 20.Rb1 Qc5 21.Nd7 Qd4 22.Nxf8 Rxf8
23.Bb2 Rxf2+ 24.Kg1 Rxc2+ 25.Bxd4 Nxc4 26.h4 Nxd5 27.Rxb7 Nf4 28.Bc5 Rxg2+
29.Kf1 Nd2+ 30.Ke1 Nd3+ 31.Kd1 Nxc5 32.Rxc7 Nd3 33.Kc2 Nb4+ 34.Kb2 Nc4+ 35.Kb1 Rb2+
36.Kc1 Nd3+  0-1

[Event "Petrovskaya Ladya GM1"]
[Site "Peterhof RUS"]
[Date "2009.01.10"]
[Round "11"]
[White "Duzhakov,I"]
[Black "Rozum,I"]
[Result "0-1"]
[WhiteElo "2304"]
[BlackElo "2451"]

1.d4 d5 2.c4 Nc6 3.Nf3 Bg4 4.e3 e5 5.dxe5 dxc4 6.Qa4 Bxf3 7.gxf3 Qd5 8.Qxc4 Qxe5
9.Nc3 Bb4 10.Bd2 Nf6 11.f4 Qe7 12.Rg1 O-O 13.a3 Bd6 14.Bd3 Rad8 15.O-O-O Bxa3
16.bxa3 Rxd3 17.Qxd3 Qxa3+ 18.Kb1 Qb3+ 19.Kc1 Nb4 20.Qf5 Rd8  0-1

[Event "Open A"]
[Site "Prague CZE"]
[Date "2009.01.10"]
[Round "2"]
[White "Meduna,E1"]
[Black "Petr,Ja1"]
[Result "1-0"]
[WhiteElo "2461"]
[BlackElo "2199"]

1.d4 d5 2.c4 Nc6 3.Nf3 Bg4 4.cxd5 Bxf3 5.dxc6 Bxc6 6.Nc3 e6 7.e4 Bb4 8.f3 Qh4+
9.g3 Qh5 10.Be3 f5 11.Be2 O-O-O 12.Qb3 Bxc3+ 13.bxc3 fxe4 14.Qxe6+ Kb8 15.f4 Bd5
16.Bxh5 Bxe6 17.Be2 Nf6 18.c4 Bg4 19.h3 Bxe2 20.Kxe2 Rd6 21.a4 Rc6 22.Rhc1 Nd7
23.a5 Rh6 24.Rh1 Rd8 25.f5 Rc6 26.Ra4 Rf8 27.g4 g6 28.fxg6 Rxg6 29.g5 c5
30.d5 Ra6 31.h4 Rf3 32.h5 Nb6 33.g6 hxg6 34.axb6 Rxa4 35.hxg6 Ra2+ 36.Bd2 axb6
37.g7 Rg3 38.Rh8+ Kc7 39.g8=Q Rxg8 40.Rxg8 Rc2 41.Rg7+ Kd6 42.Rg6+ Kc7 43.Re6 Rxc4
44.Bf4+ Kc8 45.Rxb6 Rd4 46.d6 Rd3 47.Rb5 Rc3 48.Be5 Rc2+ 49.Ke3 Rc4 50.Bf4  1-0

[Event "7th Parsvnath Open"]
[Site "New Delhi IND"]
[Date "2009.01.11"]
[Round "2"]
[White "Sarkar,J"]
[Black "Deric,P"]
[Result "1-0"]
[WhiteElo "2455"]
[BlackElo "2142"]

1.d4 d5 2.c4 Nc6 3.cxd5 Qxd5 4.e3 e5 5.Nc3 Bb4 6.Bd2 Bxc3 7.bxc3 e4 8.c4 Qd6
9.Ne2 Nf6 10.Nc3 O-O 11.Be2 Re8 12.g4 h6 13.h4 a6 14.g5 hxg5 15.hxg5 Nh7
16.c5 Qg6 17.Nd5 Rd8 18.Nxc7 Rb8 19.Qb3 Qxg5 20.O-O-O Rd7 21.Rh5 Qg6 22.Rdh1 Rxc7
23.Rxh7 Qxh7 24.Rxh7 Kxh7 25.d5 Ne7 26.Qb6  1-0

[Event "Queenstown Classic"]
[Site "Queenstown NZL"]
[Date "2009.01.15"]
[Round "1"]
[White "Aldridge,A"]
[Black "Lyell,M"]
[Result "0-1"]
[WhiteElo "1946"]
[BlackElo "2287"]

1.d4 d5 2.c4 Nc6 3.Nf3 Bg4 4.e3 e5 5.h3 Bxf3 6.Qxf3 Nf6 7.cxd5 Qxd5 8.Qxd5 Nxd5
9.Bc4 Bb4+ 10.Bd2 Bxd2+ 11.Kxd2 O-O-O 12.Bxd5 Rxd5 13.Nc3 Rd7 14.d5 Ne7 15.e4 c6
16.Rac1 Kb8 17.Ke3 cxd5 18.Nxd5 Nxd5+ 19.exd5 Rxd5 20.Ke4 Rhd8 21.Rc4 g6
22.g4 f6 23.Rc3 Rd2 24.Rhc1 Rxb2 25.Rc7 Rxa2 26.Rf7 Rxf2 27.Rcc7 Rb2 28.Rce7 Rb6
29.Rxh7 Rb3 30.Rd7 Rxd7 31.Rxd7 Rxh3  0-1

[Event "TCh-AUT 2nd Bundesliga Ost 2008-9"]
[Site "Austria AUT"]
[Date "2009.01.17"]
[Round "6"]
[White "Hechl,G"]
[Black "Geismann,B"]
[Result "1-0"]
[WhiteElo "2218"]
[BlackElo "2131"]

1.d4 d5 2.c4 Nc6 3.cxd5 Qxd5 4.e3 e5 5.Nc3 Bb4 6.Bd2 Bxc3 7.bxc3 Nf6 8.c4 Qd6
9.d5 Nb8 10.f3 Na6 11.Ne2 c6 12.e4 Nc5 13.Ng3 h5 14.h4 b5 15.dxc6 bxc4 16.Bxc4 Be6
17.Qc2 Qd4 18.Bxe6 Qxa1+ 19.Ke2 Qxh1 20.Bd7+ Ncxd7 21.cxd7+ Nxd7 22.Nxh1 O-O
23.Qc7 Nb6 24.Qxe5 Rfe8 25.Qxh5 Rad8 26.Nf2  1-0

[Event "GM"]
[Site "Marianske Lazne CZE"]
[Date "2009.01.19"]
[Round "3"]
[White "Dobrowolski,P"]
[Black "Biolek,R1"]
[Result "1/2-1/2"]
[WhiteElo "2421"]
[BlackElo "2406"]

1.d4 d5 2.c4 Nc6 3.Nc3 Nf6 4.Bg5 dxc4 5.d5 Ne5 6.Qd4 h6 7.Qxe5 hxg5 8.e4 Ng4
9.Qxg5 Nxh2 10.Qf4 g5 11.Qxg5 Nf3+ 12.Nxf3 Rxh1 13.Qg8 Qd6 14.e5 Qg6 15.Qxg6 fxg6
16.Nb5 Kd8 17.Ng5 Bd7 18.Nd4 Kc8 19.f4 Bh6 20.e6 Be8 21.Nh3 b5 22.Kf2 Rxh3
23.gxh3 Bxf4 24.a4 Be5 25.Ke3 bxa4 26.Bxc4 Kb7 27.Ke4 Bxd4 28.Kxd4 Kb6 29.Rf1 a6
30.Rf8 Rd8  1/2-1/2

[Event "GM"]
[Site "Marianske Lazne CZE"]
[Date "2009.01.20"]
[Round "5"]
[White "Moor,O"]
[Black "Biolek,R1"]
[Result "1-0"]
[WhiteElo "2369"]
[BlackElo "2406"]

1.d4 d5 2.c4 Nc6 3.Nc3 dxc4 4.Nf3 e6 5.e4 Bb4 6.Bxc4 Nf6 7.Bd3 Kf8 8.Bc2 Ne7
9.a3 Bxc3+ 10.bxc3 h5 11.O-O b6 12.e5 Ng4 13.h3 Nh6 14.Be4 Ba6 15.Re1 Bc4
16.Ng5 Bd5 17.Qxh5 Kg8 18.Qf3 Rc8 19.Qd3 Nhf5 20.g4 Nh4 21.c4 Bxe4 22.Qxe4 Qd7
23.a4 Qc6 24.Ba3 Qxe4 25.Rxe4 Nc6 26.d5 exd5 27.cxd5 Nxe5 28.Rxe5 f6 29.Re7 fxg5
30.Bb2 Rh7 31.Rc1 Ng6 32.Rexc7 Rxc7 33.Rxc7 Nf4 34.d6 Nxh3+ 35.Kf1 Nf4 36.Ke1 Rh4
37.Kd2 Rh6 38.Be5 Ne6 39.d7 Kh7 40.Rc6 Nd8 41.Rxh6+  1-0

[Event "Queenstown Classic"]
[Site "Queenstown NZL"]
[Date "2009.01.20"]
[Round "6"]
[White "Bakker,S"]
[Black "Fitzpatrick,A"]
[Result "1-0"]
[WhiteElo "2233"]
[BlackElo "2008"]

1.d4 d5 2.c4 Nc6 3.cxd5 Qxd5 4.e3 e5 5.Nc3 Bb4 6.Bd2 Bxc3 7.bxc3 Nf6 8.f3 exd4
9.cxd4 O-O 10.Qb3 Qd6 11.Bd3 Be6 12.Qb1 Rfe8 13.Ne2 Ne7 14.O-O c5 15.dxc5 Qxc5
16.Rc1 Qg5 17.Qb2 Ng6 18.e4 Qe5 19.Bc3 Qg5 20.Bd2 Qe5 21.Qxe5 Nxe5 22.Bb5 Red8
23.Bc3 Ng6 24.Nd4 Bd7 25.Bf1 Rac8 26.Nb5 Bxb5 27.Bxb5 Nf4 28.Be5 Ne6 29.Kf2 Nc5
30.Ke3 a6 31.Be2 Re8 32.Bxf6 gxf6 33.g4 h5 34.h3 Re5 35.Rc2 Rce8 36.Rac1 b6
37.Bc4 hxg4 38.hxg4 Kg7 39.Kf2 Rd8 40.Rb1 Rd6 41.Bd5 Kg6 42.Kg3 Re7 43.Rh1 Rc7
44.Rch2 Kg7 45.Rh8 f5 46.gxf5 Kf6 47.Re8 Rxd5 48.exd5 Kxf5 49.d6 Rd7 50.Rh5+ Kg6
51.Rd5 Kf6 52.Kg4 Nb7 53.Rb8 Ke6 54.Rd2 b5 55.f4 f5+ 56.Kg5 Nxd6 57.Rb6 a5
58.Rdxd6+ Rxd6 59.Rxb5 Rd5 60.Rxd5 Kxd5 61.Kxf5 a4 62.Kg6 a3 63.f5 Kc4 64.f6 Kc3
65.f7 Kb2 66.f8=Q Kxa2 67.Qb4  1-0

[Event "1st Open"]
[Site "Gurgon IND"]
[Date "2009.01.28"]
[Round "9"]
[White "Kuzubov,Y"]
[Black "Sengupta,D"]
[Result "1-0"]
[WhiteElo "2626"]
[BlackElo "2445"]

1.d4 d5 2.c4 Nc6 3.Nf3 Bg4 4.Nc3 e6 5.cxd5 exd5 6.Bf4 Bxf3 7.gxf3 Bd6 8.Nxd5 Bxf4
9.Nxf4 Qxd4 10.Qxd4 Nxd4 11.O-O-O Rd8 12.e3 Ne6 13.Nxe6 Rxd1+ 14.Kxd1 fxe6
15.Bh3 Kf7 16.f4 Nf6 17.Ke2 Rd8 18.Rc1 c6 19.Bg2 Nd5 20.Be4 h6 21.h4 Kf6
22.h5 Rd6 23.a3 a5 24.Rc5 b6 25.Rc1 Ne7 26.Bf3 Nd5 27.Rd1 Rd7 28.Be4 c5 29.a4 Ke7
30.Rg1 Kf7 31.f5 Nf6 32.fxe6+ Kxe6 33.Bg6 c4 34.Rc1 Rc7 35.f4 Nd5 36.Kf3 Nb4
37.Bh7 Kf7 38.Rd1 Ke7 39.Rd4 c3 40.bxc3 Rxc3 41.Re4+ Kd6 42.Bg8 Rc8 43.Bf7 Rc7
44.Re6+ Kc5 45.Be8 Nd5 46.e4 Nc3 47.e5 b5 48.axb5 a4 49.Ra6 Rb7 50.Bc6 Rb6
51.e6 a3 52.Rxa3 Nxb5 53.Bxb5 Rxb5 54.Rd3  1-0